[Event "V Scaccomatto"]
[Site "Torino ITA"]
[Date "2004.12.??"]
[Round "3"]
[White "Vinciguerra, Marco"]
[Black "Faraoni, Enrico"]
[Result "1/2-1/2"]
[WhiteElo "2132"]
[BlackElo "2162"]
[PlyCount "30"]
[EventDate "2004.12.08"]

1. e4 c5 2. Nf3 d6 3. d4 cxd4 4. Nxd4 Nf6 5. Nc3 a6 6. Bg5 e6 7. f4 Be7 8. Qf3
Nbd7 9. O-O-O Qc7 10. Bd3 b5 11. Rhe1 Bb7 12. Nd5 Qa5 13. Nb3 Qd8 14. Nxe7 Qxe7
15. Na5 Nc5 1/2-1/2

[Event "V Scaccomatto"]
[Site "Torino ITA"]
[Date "2004.12.??"]
[Round "3"]
[White "Vozza, Nicola"]
[Black "Fassio, Luca"]
[Result "0-1"]
[WhiteElo "2062"]
[BlackElo "2066"]
[PlyCount "66"]
[EventDate "2004.12.08"]

1. d4 g6 2. c4 Bg7 3. e4 d6 4. Nc3 Nf6 5. Nf3 O-O 6. Be2 c5 7. O-O Nc6 8. d5
Na5 9. h3 a6 10. Be3 Rb8 11. Nd2 e6 12. a4 exd5 13. exd5 Re8 14. g4 Nd7 15.
Nde4 Ne5 16. b3 f5 17. Bg5 Qd7 18. Nf6+ Bxf6 19. Bxf6 fxg4 20. Bxe5 Rxe5 21.
hxg4 Qe7 22. Kg2 Bd7 23. Bf3 Re8 24. Ra2 Qg5 25. Re2 Bxg4 26. Rxe5 Bxf3+ 27.
Kxf3 Rxe5 28. Rg1 Qf6+ 29. Kg2 Rg5+ 30. Kf1 Rxg1+ 31. Kxg1 Qxc3 32. Qg4 Qe1+
33. Kg2 Qe8 0-1

[Event "V Scaccomatto"]
[Site "Torino ITA"]
[Date "2004.12.??"]
[Round "3"]
[White "Xausa, Flavio"]
[Black "Bertagia, Roldano"]
[Result "0-1"]
[WhiteElo "2146"]
[BlackElo "1930"]
[PlyCount "66"]
[EventDate "2004.12.08"]

1. e4 e5 2. f4 d5 3. exd5 e4 4. d3 Nf6 5. dxe4 Nxe4 6. Be3 Bd6 7. Nc3 Qh4+ 8.
g3 Nxg3 9. Nf3 Qh5 10. Bb5+ Bd7 11. Rg1 Nf5 12. Rg5 Qh3 13. Bf1 Qh6 14. Qd3 g6
15. O-O-O O-O 16. Ne4 Nxe3 17. Nf6+ Kh8 18. Qxe3 Qg7 19. Nxd7 Nxd7 20. Qd4 Rae8
21. Bb5 Qxd4 22. Rxd4 Re3 23. Rg4 Nf6 24. Ng5 Re1+ 25. Kd2 Rh1 26. Rg2 a6 27.
Be2 Kg7 28. Bf3 Re8 29. Nh3 Rf1 30. Rd3 Ne4+ 31. Bxe4 Rxe4 32. f5 Rxf5 33. Ng5
Bf4+ 0-1

[Event "V Scaccomatto"]
[Site "Torino ITA"]
[Date "2004.12.??"]
[Round "4"]
[White "Bertagia, Roldano"]
[Black "Spatola, Davide"]
[Result "1/2-1/2"]
[WhiteElo "1930"]
[BlackElo "1835"]
[PlyCount "57"]
[EventDate "2004.12.08"]

1. e4 d6 2. d4 Nf6 3. Nc3 g6 4. f4 Bg7 5. Nf3 c5 6. Be2 cxd4 7. Nxd4 O-O 8. Be3
Nc6 9. O-O Qa5 10. Nb3 Qd8 11. Kh1 Bd7 12. Qd2 a6 13. a4 Na5 14. Nxa5 Qxa5 15.
Bf3 Rae8 16. b4 Qc7 17. Ra3 Be6 18. Nd5 Nxd5 19. exd5 Bf5 20. c3 Qc4 21. Rd1
Rc8 22. Bd4 Bxd4 23. Qxd4 Rc7 24. Qe3 Rfc8 25. h3 Bc2 26. Be2 Qe4 27. Qxe4 Bxe4
28. Rd4 f5 29. c4 1/2-1/2

[Event "V Scaccomatto"]
[Site "Torino ITA"]
[Date "2004.12.??"]
[Round "4"]
[White "Fassio, Luca"]
[Black "Faraoni, Enrico"]
[Result "0-1"]
[WhiteElo "2066"]
[BlackElo "2162"]
[PlyCount "74"]
[EventDate "2004.12.08"]

1. e4 c5 2. c3 e6 3. d4 d5 4. exd5 exd5 5. Nf3 Nc6 6. Be3 c4 7. Be2 Bd6 8. b4
Nf6 9. a4 O-O 10. O-O Ne4 11. Nfd2 f5 12. Nxe4 fxe4 13. g3 Bh3 14. Re1 Qd7 15.
Nd2 Ne7 16. Nf1 Rf7 17. f4 Raf8 18. Kh1 Nf5 19. Bg1 g5 20. fxg5 Rg7 21. Ne3
Rxg5 22. Nxf5 Qxf5 23. Be3 Rg7 24. Rg1 Rg4 25. Ra2 h5 26. Bf1 Qxf1 27. Qxg4+
hxg4 28. Rxf1 Rxf1+ 29. Bg1 Rc1 30. Rf2 Rxc3 31. b5 Rf3 32. Re2 Kg7 33. a5 Rf1
34. b6 a6 35. Re3 Bb4 36. Re2 Bc3 37. Re1 Bg2+ 0-1

[Event "V Scaccomatto"]
[Site "Torino ITA"]
[Date "2004.12.??"]
[Round "4"]
[White "Malano, Francesco"]
[Black "Martin, Tiziano"]
[Result "0-1"]
[WhiteElo "2060"]
[BlackElo "1976"]
[PlyCount "48"]
[EventDate "2004.12.08"]

1. d4 d5 2. e3 Nf6 3. Bd3 Bg4 4. f3 Bd7 5. c3 Nc6 6. f4 Bg4 7. Nf3 e6 8. Nbd2
Bd6 9. Qc2 Ne7 10. h3 Bf5 11. O-O Bxd3 12. Qxd3 c6 13. Ne5 Nf5 14. Kh2 h5 15.
g3 h4 16. g4 Ng3 17. Rg1 Qc7 18. a3 Bxe5 19. fxe5 Nfe4 20. Nf3 f6 21. Bd2 Qf7
22. Be1 f5 23. Bxg3 hxg3+ 24. Kg2 fxg4 0-1

[Event "V Scaccomatto"]
[Site "Torino ITA"]
[Date "2004.12.??"]
[Round "4"]
[White "Pulito, Alberto"]
[Black "Pepino, Enrico"]
[Result "1/2-1/2"]
[WhiteElo "2136"]
[BlackElo "2093"]
[PlyCount "30"]
[EventDate "2004.12.08"]

1. e4 d6 2. Nc3 Nf6 3. f4 c6 4. a4 g6 5. Nf3 Bg7 6. Bc4 d5 7. exd5 cxd5 8. Bb5+
Bd7 9. Qe2 O-O 10. d4 Bg4 11. O-O e6 12. h3 Bxf3 13. Qxf3 a6 14. Bd3 Nc6 15.
Ne2 Nb4 1/2-1/2

[Event "V Scaccomatto"]
[Site "Torino ITA"]
[Date "2004.12.??"]
[Round "4"]
[White "Scuderi, David"]
[Black "Vinciguerra, Marco"]
[Result "1-0"]
[WhiteElo "2071"]
[BlackElo "2132"]
[PlyCount "79"]
[EventDate "2004.12.08"]

1. e4 d5 2. exd5 Nf6 3. Nc3 Nxd5 4. Nxd5 Qxd5 5. d4 Nc6 6. Nf3 Bg4 7. Be2 O-O-O
8. Be3 Qa5+ 9. c3 e5 10. Nxe5 Nxe5 11. Bxg4+ Kb8 12. O-O h5 13. Be2 Ng4 14.
Bxg4 hxg4 15. Qxg4 Bd6 16. Bf4 g5 17. Bxd6 Rxd6 18. Rfe1 Rdh6 19. Qd7 a6 20.
Re8+ Ka7 21. Rxh8 Rxh8 22. Qxf7 Qb6 23. Re1 Qd6 24. h3 g4 25. Qf5 gxh3 26. Qc5+
Qxc5 27. dxc5 hxg2 28. Kxg2 Rh5 29. b4 a5 30. f4 Rd5 31. Re2 axb4 32. cxb4 Rd4
33. f5 Rxb4 34. f6 Rf4 35. Rf2 Rg4+ 36. Kh3 Rg8 37. Kh4 Kb8 38. Kh5 Kc8 39. f7
Rf8 40. Kg6 1-0

[Event "V Scaccomatto"]
[Site "Torino ITA"]
[Date "2004.12.??"]
[Round "4"]
[White "Sorcinelli, Francesco"]
[Black "Vozza, Nicola"]
[Result "1-0"]
[WhiteElo "2086"]
[BlackElo "2062"]
[PlyCount "89"]
[EventDate "2004.12.08"]

1. d4 Nf6 2. Nc3 d5 3. Bg5 e6 4. e4 Bb4 5. e5 h6 6. Bd2 Nfd7 7. Qg4 Bf8 8. f4
c5 9. Nb5 Nc6 10. Nf3 a6 11. Nd6+ Bxd6 12. Qxg7 Bf8 13. Qxh8 cxd4 14. Bd3 Nc5
15. f5 Bd7 16. Bxh6 Qa5+ 17. Nd2 O-O-O 18. Bxf8 Ne4 19. Rd1 Ne7 20. fxe6 Bxe6
21. b4 Qa3 22. b5 Qa5 23. bxa6 bxa6 24. Qh6 Nf5 25. Qf4 Ne3 26. Bxe4 dxe4 27.
Qxe4 Bd5 28. Qd3 Rxf8 29. Kf2 Rg8 30. g3 Bxh1 31. Rxh1 Rd8 32. a3 Rd5 33. Nc4
Nxc4 34. Qxc4+ Rc5 35. Qd3 Rxe5 36. Qxd4 Rf5+ 37. Kg2 Rd5 38. Qg4+ f5 39. Qc4+
Rc5 40. Qe6+ Kc7 41. Qe7+ Kc8 42. Qe8+ Kc7 43. Rd1 Rxc2+ 44. Kh3 Qc5 45. Qf7+
1-0

[Event "V Scaccomatto"]
[Site "Torino ITA"]
[Date "2004.12.??"]
[Round "4"]
[White "Xausa, Flavio"]
[Black "Banchio, Davide"]
[Result "1-0"]
[WhiteElo "2146"]
[BlackElo "1974"]
[PlyCount "120"]
[EventDate "2004.12.08"]

1. e4 e5 2. f4 d5 3. exd5 c6 4. Qf3 exf4 5. Nc3 Nf6 6. dxc6 Nxc6 7. Bb5 Qb6 8.
Nge2 Bd6 9. d4 O-O 10. Bxc6 bxc6 11. O-O Bg4 12. Qd3 f3 13. gxf3 Bh3 14. Rf2 c5
15. Na4 Qa5 16. Nac3 cxd4 17. Nxd4 Bc5 18. Be3 Rad8 19. Ne4 Nd5 20. Nxc5 Qxc5
21. c3 Rfe8 22. Bd2 Qb6 23. b3 Qf6 24. Rd1 Nf4 25. Bxf4 Qxf4 26. Qd2 Re3 27.
Re1 Rde8 28. Rxe3 Rxe3 29. Re2 Qg5+ 30. Kh1 Rxe2 31. Qxg5 Re1+ 32. Qg1 Rxg1+
33. Kxg1 Kf8 34. Kf2 Bd7 35. Ke3 Ke7 36. c4 g5 37. c5 a6 38. b4 f6 39. Ke4 h5
40. Ne2 Bc6+ 41. Ke3 f5 42. f4 g4 43. Ng3 Ke6 44. Nxh5 Kd5 45. Ng3 Bd7 46. Kd3
Bb5+ 47. Kc3 Bd7 48. Nh5 Be6 49. Nf6+ Kc6 50. a4 a5 51. Ne8 Bd7 52. Nd6 Be6 53.
Nc4 axb4+ 54. Kxb4 Kd5 55. Nd6 Bd7 56. a5 Bc6 57. Nxf5 Ke4 58. Nh6 Kxf4 59. a6
g3 60. hxg3+ Kxg3 1-0

[Event "V Scaccomatto"]
[Site "Torino ITA"]
[Date "2004.12.??"]
[Round "5"]
[White "Banchio, Davide"]
[Black "Malano, Francesco"]
[Result "0-1"]
[WhiteElo "1974"]
[BlackElo "2060"]
[PlyCount "46"]
[EventDate "2004.12.08"]

1. e4 c5 2. d4 cxd4 3. c3 dxc3 4. Nxc3 e6 5. Nf3 a6 6. Bc4 b5 7. Bb3 Bb7 8. Qe2
Bc5 9. O-O d6 10. Bf4 Ne7 11. Rfd1 Qc7 12. Rac1 Nbc6 13. Ng5 Ng6 14. Bxe6 Nxf4
15. Bxf7+ Qxf7 16. Qg4 Ne5 17. Nxf7 Nxg4 18. Nxh8 Bxf2+ 19. Kf1 Be3 20. Rc2 Ke7
21. Nd5+ Nxd5 22. exd5 Bc5 23. b4 Ne3+ 0-1

[Event "V Scaccomatto"]
[Site "Torino ITA"]
[Date "2004.12.??"]
[Round "5"]
[White "Cordara, Michele"]
[Black "Sorcinelli, Francesco"]
[Result "0-1"]
[WhiteElo "2186"]
[BlackElo "2086"]
[PlyCount "91"]
[EventDate "2004.12.08"]

1. Nf3 g6 2. g3 Bg7 3. Bg2 c5 4. c4 Nf6 5. O-O O-O 6. d4 cxd4 7. Nxd4 Nc6 8.
Nc2 d6 9. Nc3 Be6 10. b3 d5 11. cxd5 Nxd5 12. Nxd5 Bxa1 13. Nxa1 Qa5 14. Qd2
Qxd2 15. Bxd2 Bxd5 16. Bxd5 Rfd8 17. Bxc6 Rxd2 18. Bxb7 Rad8 19. Ba6 Rxa2 20.
Bd3 Rc8 21. Rb1 a5 22. Kf1 e5 23. f3 Rc3 24. Ke1 Rxd3 25. exd3 Rxh2 26. Rc1 Rb2
27. Nc2 Rxb3 28. Kd2 Kg7 29. Ra1 Rb5 30. Kc3 Rc5+ 31. Kb3 f5 32. Ne3 Kf6 33.
Nc4 h5 34. Rxa5 Rxa5 35. Nxa5 g5 36. Nc4 h4 37. gxh4 gxh4 38. Nd2 h3 39. Nf1
Kg5 40. Kc4 Kf4 41. Kd5 Kxf3 42. Kxe5 Kf2 43. Nh2 Kg2 44. d4 Kxh2 45. d5 Kg3
46. d6 0-1

[Event "V Scaccomatto"]
[Site "Torino ITA"]
[Date "2004.12.??"]
[Round "5"]
[White "Faraoni, Enrico"]
[Black "Pulito, Alberto"]
[Result "1/2-1/2"]
[WhiteElo "2162"]
[BlackElo "2136"]
[PlyCount "141"]
[EventDate "2004.12.08"]

1. d4 e6 2. e4 d5 3. Nc3 Bb4 4. e5 c5 5. a3 Bxc3+ 6. bxc3 Qc7 7. Nf3 f5 8. h4
Nc6 9. Rh3 Bd7 10. Rg3 g6 11. Ng5 Nge7 12. Be2 h6 13. Nh3 O-O-O 14. f4 Qa5 15.
Bd2 Qa4 16. Rb1 c4 17. Qc1 b6 18. Nf2 Rdg8 19. Nd1 Kc7 20. Kf2 Rb8 21. Ne3 Rhg8
22. Nf1 Rbf8 23. Nh2 Be8 24. Nf3 Bd7 25. Qb2 Be8 26. Rh1 Kd7 27. Be3 Kc7 28.
Ra1 Bd7 29. Rh3 h5 30. Ng5 Rh8 31. Rhh1 Nc8 32. Rhb1 Re8 33. Qc1 Re7 34. Rb2
Rf8 35. Qd2 Be8 36. Bf3 Bd7 37. Ke2 Be8 38. Qe1 Bd7 39. Kd2 Rg8 40. Qg3 Rgg7
41. Nh3 Be8 42. Rbb1 Kb7 43. Ng1 Kc7 44. Ne2 Kb7 45. Qe1 Kc7 46. Qc1 Rd7 47.
Qb2 Rde7 48. Rh1 Rg8 49. Rh3 Reg7 50. Rg3 Rh7 51. Rh1 Rhg7 52. Rg5 Rh7 53. Rh3
Rd7 54. Nc1 Rd8 55. Rh1 Rd7 56. Rg3 Rd8 57. Rgh3 Rd7 58. Na2 Rd8 59. Ra1 Rg7
60. Rhh1 Rh7 61. Rhb1 Rg7 62. Qc1 Bd7 63. Qe1 Rf8 64. Qg3 Rff7 65. Nb4 N6e7 66.
Na2 Nc6 67. Nc1 Re7 68. Ne2 Be8 69. Ng1 Bd7 70. Nh3 Be8 71. Ng5 1/2-1/2

[Event "V Scaccomatto"]
[Site "Torino ITA"]
[Date "2004.12.??"]
[Round "5"]
[White "Fuggetta, Leonardo"]
[Black "Xausa, Flavio"]
[Result "0-1"]
[WhiteElo "2053"]
[BlackElo "2146"]
[PlyCount "42"]
[EventDate "2004.12.08"]

1. Nf3 Nf6 2. g3 g6 3. b4 Bg7 4. Bb2 O-O 5. Bg2 d6 6. O-O c6 7. d3 a5 8. bxa5
Qxa5 9. c4 Nbd7 10. Nbd2 Qh5 11. Qc2 Nc5 12. a4 Bh3 13. Rfb1 e5 14. a5 Ng4 15.
Ne4 Nxe4 16. dxe4 f5 17. Ba3 Bxg2 18. Kxg2 fxe4 19. Qxe4 Rxf3 20. Qxf3 Qxh2+
21. Kf1 Rf8 0-1

[Event "V Scaccomatto"]
[Site "Torino ITA"]
[Date "2004.12.??"]
[Round "5"]
[White "Pepino, Enrico"]
[Black "Scuderi, David"]
[Result "1-0"]
[WhiteElo "2093"]
[BlackElo "2071"]
[PlyCount "52"]
[EventDate "2004.12.08"]

1. e4 d6 2. d4 Nf6 3. Nc3 g6 4. f4 Bg7 5. Nf3 c5 6. dxc5 Qa5 7. Bd3 Qxc5 8. Qe2
O-O 9. Be3 Qc7 10. O-O a6 11. h3 Nc6 12. Qf2 Nd7 13. Qh4 e6 14. Ng5 h6 15. Nf3
Qd8 16. Qg3 Nc5 17. Bxc5 dxc5 18. e5 Nd4 19. Rad1 Nxf3+ 20. Rxf3 Qb6 21. Kh1
Qxb2 22. Bxg6 fxg6 23. Qxg6 Qb6 24. Ne4 Rf7 25. Nf6+ Kf8 26. Rfd3 Ke7 1-0

[Event "V Scaccomatto"]
[Site "Torino ITA"]
[Date "2004.12.??"]
[Round "5"]
[White "Spatola, Davide"]
[Black "Fassio, Luca"]
[Result "0-1"]
[WhiteElo "1835"]
[BlackElo "2066"]
[PlyCount "120"]
[EventDate "2004.12.08"]

1. d4 g6 2. Nf3 Bg7 3. Bg5 d6 4. e3 Nf6 5. Nbd2 O-O 6. Bd3 c5 7. c3 Nc6 8. O-O
Re8 9. Bxf6 exf6 10. e4 Rb8 11. Nb3 Qe7 12. a4 a6 13. a5 b5 14. axb6 Rxb6 15.
dxc5 dxc5 16. Qc2 Be6 17. Na5 Nxa5 18. Rxa5 c4 19. Be2 Qb7 20. Ra2 Rb8 21. Rb1
Rc8 22. Nd4 Bd7 23. Bf3 Qa7 24. Qd2 a5 25. Rba1 a4 26. Nc2 Bf8 27. Ne3 Rd6 28.
Nd5 f5 29. Qg5 fxe4 30. Bxe4 Bc6 31. Bf3 Bxd5 32. Bxd5 Rc5 33. Bxf7+ Kxf7 34.
Qf4+ Rf6 35. Rxa4 Qxa4 36. Qxf6+ Kxf6 37. Rxa4 Bh6 38. Kf1 Bc1 39. Rb4 Ke5 40.
Ke2 Rd5 41. Rxc4 Rd2+ 42. Kf3 Bxb2 43. Rc7 h5 44. c4 Bd4 45. Re7+ Kf5 46. Rf7+
Ke6 47. Rc7 Rxf2+ 48. Ke4 Bf6 49. Rc6+ Kf7 50. Rc7+ Be7 51. c5 Rxg2 52. h3 Rg3
53. c6 Rxh3 54. Rb7 Rc3 55. c7 h4 56. Kd4 Rc1 57. Ke4 h3 58. Rb2 Rxc7 59. Rf2+
Kg7 60. Rh2 Rc3 0-1

[Event "V Scaccomatto"]
[Site "Torino ITA"]
[Date "2004.12.??"]
[Round "5"]
[White "Vinciguerra, Marco"]
[Black "Bertagia, Roldano"]
[Result "1-0"]
[WhiteElo "2132"]
[BlackElo "1930"]
[PlyCount "67"]
[EventDate "2004.12.08"]

1. d4 d5 2. Nf3 Nf6 3. Bf4 e6 4. e3 Be7 5. Bd3 b6 6. Nbd2 Bb7 7. Ne5 c5 8. Bb5+
Nbd7 9. Nc6 Qc8 10. Nxe7 Kxe7 11. O-O Ba6 12. a4 Bxb5 13. axb5 a6 14. bxa6 Rxa6
15. Qe2 c4 16. e4 b5 17. e5 Ne8 18. Nf3 h6 19. Bd2 Nb8 20. Bb4+ Kd7 21. b3 Nc6
22. Qd2 Nc7 23. Bd6 Qa8 24. Qf4 Nd8 25. Rxa6 Qxa6 26. Rb1 Ne8 27. Bc5 f6 28.
Qc1 Nb7 29. Ra1 Qc6 30. Ra7 Nc7 31. exf6 gxf6 32. Qf4 Ne8 33. Ne5+ fxe5 34.
Qf7+ 1-0

[Event "V Scaccomatto"]
[Site "Torino ITA"]
[Date "2004.12.??"]
[Round "6"]
[White "Fassio, Luca"]
[Black "Pepino, Enrico"]
[Result "0-1"]
[WhiteElo "2066"]
[BlackElo "2093"]
[PlyCount "94"]
[EventDate "2004.12.08"]

1. e4 c5 2. c3 g6 3. d4 cxd4 4. cxd4 Bg7 5. Nc3 d6 6. Nf3 Nf6 7. h3 O-O 8. Bd3
Nc6 9. O-O e5 10. Be3 Nh5 11. dxe5 dxe5 12. Bc4 Nf4 13. Nd5 Nxd5 14. Bxd5 h6
15. Rc1 Qf6 16. Bc5 Rd8 17. Qb3 Bf8 18. Rfd1 Bxc5 19. Rxc5 Bd7 20. Qxb7 Rab8
21. Qa6 Rb6 22. Qc4 Bxh3 23. gxh3 Qxf3 24. Qd3 Qxd3 25. Rxd3 Nd4 26. Rc7 Rxb2
27. Bxf7+ Kf8 28. Kg2 Rd6 29. Bb3 Rf6 30. Rc8+ Ke7 31. Rc7+ Kd6 32. Rc2 Rxc2
33. Bxc2 Kc5 34. Bb3 Kb4 35. Bd5 a5 36. a3+ Kb5 37. Rc3 g5 38. Bc4+ Kb6 39. Bd5
Rd6 40. Rc8 Ne2 41. Rb8+ Kc5 42. Ra8 Kb5 43. Bf7 Nf4+ 44. Kg3 h5 45. Be8+ Kb6
46. a4 Rd3+ 47. f3 Rd2 0-1

[Event "V Scaccomatto"]
[Site "Torino ITA"]
[Date "2004.12.??"]
[Round "6"]
[White "Malano, Francesco"]
[Black "Bertagia, Roldano"]
[Result "1/2-1/2"]
[WhiteElo "2060"]
[BlackElo "1930"]
[PlyCount "103"]
[EventDate "2004.12.08"]

1. f4 d5 2. Nf3 Nf6 3. e3 Bg4 4. Be2 Bxf3 5. Bxf3 g6 6. c4 c6 7. cxd5 cxd5 8.
Qb3 Qd7 9. Nc3 e6 10. O-O Bg7 11. g4 Nc6 12. f5 gxf5 13. gxf5 O-O-O 14. d3 h5
15. Bd2 Ng4 16. Ne2 Bh6 17. Nf4 Kb8 18. Kh1 Qd6 19. fxe6 fxe6 20. Qd1 Nce5 21.
Qe2 Nxf3 22. Rxf3 e5 23. Nh3 e4 24. Rg3 exd3 25. Qxd3 Nxh2 26. Rg6 Qe7 27. Kxh2
Qe5+ 28. Kh1 d4 29. Qe2 Bxe3 30. Bxe3 dxe3 31. Qh2 Qxh2+ 32. Kxh2 Rd2+ 33. Rg2
Rhd8 34. Nf4 Rxg2+ 35. Kxg2 Rd2+ 36. Kf3 Rxb2 37. Kxe3 h4 38. Kf3 b5 39. Kg4
Rb4 40. a3 Rc4 41. Rb1 a6 42. Rb4 Kb7 43. Rxc4 bxc4 44. Ne2 Kc6 45. Kxh4 Kd5
46. Kg3 Ke4 47. Kf2 Kd3 48. Ke1 Kc2 49. Nd4+ Kb2 50. a4 Ka3 51. a5 Ka4 52. Kd2
1/2-1/2

[Event "V Scaccomatto"]
[Site "Torino ITA"]
[Date "2004.12.??"]
[Round "6"]
[White "Martin, Tiziano"]
[Black "Vinciguerra, Marco"]
[Result "0-1"]
[WhiteElo "1976"]
[BlackElo "2132"]
[PlyCount "47"]
[EventDate "2004.12.08"]

1. d4 g6 2. Nf3 Bg7 3. Bf4 Nf6 4. e3 O-O 5. h3 d6 6. Be2 Nbd7 7. O-O Re8 8. c3
c6 9. Nbd2 e5 10. Bh2 e4 11. Ne1 d5 12. Nc2 Nf8 13. a4 N6d7 14. b4 f5 15. c4
Ne6 16. cxd5 cxd5 17. Na3 Qg5 18. Kh1 a6 19. Qb3 Nf6 20. Be5 f4 21. Rac1 f3 22.
gxf3 Nxd4 23. exd4 Bxh3 24. Nxe4 0-1

[Event "V Scaccomatto"]
[Site "Torino ITA"]
[Date "2004.12.??"]
[Round "6"]
[White "Pulito, Alberto"]
[Black "Sorcinelli, Francesco"]
[Result "1/2-1/2"]
[WhiteElo "2136"]
[BlackElo "2086"]
[PlyCount "29"]
[EventDate "2004.12.08"]

1. e4 e5 2. Nf3 Nc6 3. Nc3 Nf6 4. Bb5 Nd4 5. Ba4 c6 6. d3 b5 7. Bb3 Nxb3 8.
axb3 d6 9. h3 Be7 10. O-O O-O 11. Re1 a6 12. d4 Qc7 13. Bg5 Bb7 14. Qe2 Rfe8
15. Rad1 1/2-1/2

[Event "V Scaccomatto"]
[Site "Torino ITA"]
[Date "2004.12.??"]
[Round "6"]
[White "Scuderi, David"]
[Black "Faraoni, Enrico"]
[Result "0-1"]
[WhiteElo "2071"]
[BlackElo "2162"]
[PlyCount "72"]
[EventDate "2004.12.08"]

1. e4 e5 2. Nf3 f5 3. Nc3 fxe4 4. Nxe4 d5 5. Nc3 e4 6. Nd4 Nf6 7. d3 c5 8. Nb3
exd3 9. Qxd3 c4 10. Qe2+ Kf7 11. Nd4 Bc5 12. Be3 Re8 13. O-O-O Bb4 14. Ndb5 Bg4
15. f3 a6 16. Qxc4 dxc4 17. Rxd8 axb5 18. Rxe8 Bxc3 19. Rxb8 Rxb8 20. bxc3 Re8
21. Bd4 Bd7 22. g4 Bc6 23. Bxf6 Kxf6 24. Bg2 Re2 25. Rg1 g5 26. Kd1 Rf2 27. Kc1
Ke5 28. f4+ gxf4 29. Bxc6 bxc6 30. Re1+ Kf6 31. h4 Rg2 32. g5+ Kf5 33. Re7 f3
34. Kd1 Kg4 35. Rxh7 Rg1+ 36. Kd2 f2 0-1

[Event "V Scaccomatto"]
[Site "Torino ITA"]
[Date "2004.12.??"]
[Round "6"]
[White "Vozza, Nicola"]
[Black "Fuggetta, Leonardo"]
[Result "0-1"]
[WhiteElo "2062"]
[BlackElo "2053"]
[PlyCount "114"]
[EventDate "2004.12.08"]

1. e4 d6 2. d4 Nf6 3. Nc3 Nbd7 4. Nf3 e5 5. Bc4 Be7 6. O-O h6 7. Bb3 c6 8. a4
Qc7 9. Qe2 Nf8 10. dxe5 dxe5 11. Rd1 Bg4 12. h3 Be6 13. Bxe6 Nxe6 14. Qc4 O-O
15. a5 b5 16. axb6 axb6 17. Rxa8 Rxa8 18. b4 b5 19. Qb3 Ra1 20. Qb2 Ra8 21. Be3
Nd7 22. Ra1 Rxa1+ 23. Qxa1 Bxb4 24. Ne2 Bc5 25. Bc1 Qa7 26. Qxa7 Bxa7 27. Ng3
Nd4 28. Nxd4 Bxd4 29. Kf1 c5 30. Ke2 Nb6 31. Nf5 Kf8 32. f3 h5 33. g4 hxg4 34.
hxg4 Nc8 35. Ba3 b4 36. Bc1 g6 37. Nxd4 exd4 38. Kd3 Nb6 39. Bf4 Ke7 40. Bc7
Na8 41. Bb8 Kd7 42. f4 Kc6 43. Ba7 Nb6 44. f5 Kb7 45. Bxb6 Kxb6 46. Kc4 Kc6 47.
e5 gxf5 48. gxf5 Kd7 49. Kd3 Kc7 50. Kc4 Kc6 51. f6 Kd7 52. Kd3 Ke6 53. Ke4 c4
54. Kxd4 b3 55. cxb3 cxb3 56. Kc3 Kxe5 57. Kxb3 Kxf6 0-1

[Event "V Scaccomatto"]
[Site "Torino ITA"]
[Date "2004.12.??"]
[Round "6"]
[White "Xausa, Flavio"]
[Black "Spatola, Davide"]
[Result "0-1"]
[WhiteElo "2146"]
[BlackElo "1835"]
[PlyCount "55"]
[EventDate "2004.12.08"]

1. e4 d6 2. d4 Nf6 3. Nc3 g6 4. f3 Nbd7 5. Be3 Bg7 6. Qd2 O-O 7. Bh6 e5 8. Nge2
Kh8 9. Bxg7+ Kxg7 10. O-O-O Rb8 11. h4 h5 12. g4 hxg4 13. h5 Rh8 14. fxg4 Nxg4
15. Ng3 exd4 16. Nd5 c5 17. Bh3 Nb6 18. hxg6 Nxd5 19. exd5 Ne3 20. Bxc8 Rxh1
21. Rxh1 Rxc8 22. gxf7 Qg5 23. Rg1 Kxf7 24. Kb1 Rh8 25. Rf1+ Ke8 26. Ne4 Qe5
27. Nf6+ Ke7 28. Re1 0-1

[Event "V Scaccomatto"]
[Site "Torino ITA"]
[Date "2004.12.??"]
[Round "7"]
[White "Bertagia, Roldano"]
[Black "Martin, Tiziano"]
[Result "1-0"]
[WhiteElo "1930"]
[BlackElo "1976"]
[PlyCount "59"]
[EventDate "2004.12.08"]

1. e4 e5 2. Nf3 Nc6 3. d4 exd4 4. Bc4 Be7 5. Nxd4 d6 6. Nxc6 bxc6 7. Nc3 Nf6 8.
O-O O-O 9. Qd3 Ng4 10. Bf4 Bf6 11. Rad1 Qe7 12. Rfe1 Ne5 13. Bxe5 Bxe5 14. g3
g5 15. b3 Qf6 16. Re3 h5 17. Ne2 Qh6 18. f4 gxf4 19. gxf4 Bxf4 20. Nxf4 Qxf4
21. Rf1 Qe5 22. Rg3+ Kh7 23. Bxf7 Bg4 24. a3 Bd7 25. Qe3 c5 26. Rg5 Qd4 27.
Rxh5+ Kg7 28. Rg5+ Kh8 29. Qxd4+ cxd4 30. Rf4 1-0

[Event "V Scaccomatto"]
[Site "Torino ITA"]
[Date "2004.12.??"]
[Round "7"]
[White "Faraoni, Enrico"]
[Black "Spatola, Davide"]
[Result "1-0"]
[WhiteElo "2162"]
[BlackElo "1835"]
[PlyCount "48"]
[EventDate "2004.12.08"]

1. e4 d6 2. d4 Nf6 3. Nc3 c6 4. f4 b5 5. a3 a6 6. Nf3 Bg4 7. h3 Bxf3 8. Qxf3
Ra7 9. Be3 Rd7 10. g4 g6 11. Be2 Qc7 12. O-O e6 13. Rae1 Be7 14. f5 h6 15. fxe6
fxe6 16. e5 dxe5 17. Ne4 Nxe4 18. Qxe4 exd4 19. Bf4 Qb6 20. Bd3 g5 21. Qe5 Rf8
22. Bg3 Rxf1+ 23. Rxf1 Rd8 24. Qxe6 Qc5 1-0

[Event "V Scaccomatto"]
[Site "Torino ITA"]
[Date "2004.12.??"]
[Round "7"]
[White "Fassio, Luca"]
[Black "Pulito, Alberto"]
[Result "0-1"]
[WhiteElo "2066"]
[BlackElo "2136"]
[PlyCount "94"]
[EventDate "2004.12.08"]

1. e4 d5 2. exd5 Nf6 3. d4 Bg4 4. Nf3 Qxd5 5. Be2 Nc6 6. h3 Bxf3 7. Bxf3 Qf5 8.
O-O g6 9. c3 Bg7 10. Qa4 Qd7 11. Bg5 O-O 12. Na3 Nd5 13. Rfe1 Rfe8 14. Nc4 Rad8
15. Na5 Nxd4 16. Bd1 b5 17. Qa3 Ne6 18. Bh4 c5 19. Bf3 b4 20. cxb4 cxb4 21. Qb3
Qb5 22. Rad1 Nd4 23. Rxd4 Bxd4 24. Nc4 Bf6 25. Na3 Qc5 26. Bxd5 Qxd5 27. Qxd5
Rxd5 28. Bxf6 bxa3 29. bxa3 Kf8 30. Bc3 e5 31. Bb4+ Kg7 32. f4 e4 33. g4 f5 34.
g5 Rc8 35. Rb1 Rc2 36. Be7 Kf7 37. Bf6 Ke6 38. Kf1 Rdd2 39. h4 Rh2 40. Kg1
Rcg2+ 41. Kf1 Rh1+ 42. Kxg2 Rxb1 43. a4 Kd5 44. a5 a6 45. Kf2 Kc4 46. Bd8 Kd3
47. Bb6 Rb2+ 0-1

[Event "V Scaccomatto"]
[Site "Torino ITA"]
[Date "2004.12.??"]
[Round "7"]
[White "Malano, Francesco"]
[Black "Vozza, Nicola"]
[Result "1-0"]
[WhiteElo "2060"]
[BlackElo "2062"]
[PlyCount "101"]
[EventDate "2004.12.08"]

1. f4 e5 2. fxe5 d6 3. exd6 Bxd6 4. Nf3 g5 5. g3 g4 6. Nh4 Ne7 7. d4 Ng6 8. Ng2
Nc6 9. c3 Qe7 10. Bh6 Bf5 11. e3 O-O-O 12. Bd3 Bxd3 13. Qxd3 Qe6 14. O-O Bf8
15. Bxf8 Rhxf8 16. Qf5 Nce7 17. Qxe6+ fxe6 18. Rxf8 Rxf8 19. Nd2 e5 20. Rf1
Rxf1+ 21. Kxf1 Kd7 22. Ke2 b6 23. Kd3 Ke6 24. Ke4 c6 25. c4 exd4 26. exd4 Nf5
27. d5+ cxd5+ 28. cxd5+ Kf6 29. Nf4 Nd6+ 30. Kd3 Ne5+ 31. Kd4 Nf5+ 32. Kc3 Nd6
33. a4 Kf5 34. Kd4 Nf3+ 35. Nxf3 gxf3 36. Nd3 Kg4 37. Nf2+ Kf5 38. b3 a6 39. h3
a5 40. Nd3 Nf7 41. Ke3 Ne5 42. Nxe5 Kxe5 43. Kxf3 Kxd5 44. Ke3 Kc5 45. Kd3 Kd5
46. g4 Kc5 47. h4 Kd5 48. g5 Ke5 49. Ke3 Kf5 50. Kf3 Kg6 51. Kg4 1-0

[Event "V Scaccomatto"]
[Site "Torino ITA"]
[Date "2004.12.??"]
[Round "7"]
[White "Pepino, Enrico"]
[Black "Vinciguerra, Marco"]
[Result "1-0"]
[WhiteElo "2093"]
[BlackElo "2132"]
[PlyCount "57"]
[EventDate "2004.12.08"]

1. e4 d5 2. exd5 Nf6 3. d4 Nxd5 4. Nf3 g6 5. Be2 Bg7 6. O-O O-O 7. Bg5 c5 8. c3
cxd4 9. cxd4 Nc6 10. Nc3 Qa5 11. Qd2 Bg4 12. Rfd1 Rfd8 13. Rac1 f6 14. Nxd5
Bxf3 15. Bxf3 Rxd5 16. Bxd5+ Qxd5 17. Be3 Rd8 18. b3 Qh5 19. Qc2 f5 20. h3 Kh8
21. d5 Ne5 22. Qc7 Rf8 23. Bd4 Nf3+ 24. gxf3 Bxd4 25. Rxd4 Rf7 26. Qe5+ Rf6 27.
Rc8+ Kg7 28. Qxe7+ Rf7 29. Qe5+ 1-0

[Event "V Scaccomatto"]
[Site "Torino ITA"]
[Date "2004.12.??"]
[Round "7"]
[White "Scuderi, David"]
[Black "Fuggetta, Leonardo"]
[Result "1/2-1/2"]
[WhiteElo "2071"]
[BlackElo "2053"]
[PlyCount "30"]
[EventDate "2004.12.08"]

1. e4 d6 2. d4 Nf6 3. Nc3 Nbd7 4. f4 e5 5. fxe5 dxe5 6. dxe5 Nxe5 7. Qxd8+ Kxd8
8. Bg5 c6 9. Nf3 Bd6 10. O-O-O Kc7 11. Nd4 a6 12. Be2 Be6 13. Nxe6+ fxe6 14.
Rhf1 Rhf8 15. h3 Nfd7 1/2-1/2